000 00460nam a2200193Ia 4500
005 20250425160936.0
008 250425s9999 xx 000 0 und d
020 _a0905228111
041 _aeng
082 _a621.355
100 _aDASOYAN, M. A.
245 0 _aCURRENT THEORY OF LEAD ACID BATTERIES
250 _aS.E.
260 _aEstados Unidos
_bTECHNICOLOGY LIMITED
_c1979
260 _aNEW YORK
300 _a372
942 _c01
010 _a8923
999 _c199329
_d199329